000 00370nam a2200145Ia 4500
005 20250529024203.0
008 240331s9999 xx 000 0 und d
082 _a303.6
_bIVA
100 _aIvan, V
245 0 _aDemala abiyogaya
260 _aColombo
_bRavaya Publishers
_c1989
300 _a118 p .,
500 _aA Study on the ethnic problem in Sri Lanka
942 _cL
999 _c1282
_d1282